000 01682nam a2200481 i 4500
001 22707
003 KOSZ 005
005 20220202135630.0
008 990506s1984 pl a f |000 0 pol
015 _aPB 1984/8624
035 _a991009555789705066
035 _a(PL-WaBN)b12585142-48omnis_nlop
035 _ab12585142
035 _a(OCoLC)830233513
035 _a(PL)b0000001258514
035 _a(EXLNZ-48OMNIS_NETWORK)9910044522405606
040 _aWA N
_cWA N
_dKOSZ 005/HR
041 0 _apol
046 _k1984
080 _a624.01/.07
080 _a691
100 1 _aZembrowski, Jerzy.
_eAutor
245 1 0 _aPustaki nieceramiczne oraz konstrukcje ścienne w budownictwie jednorodzinnym i rolniczym :
_bsystematyka, wyniki badań i analiz oraz zalecenia /
_cJerzy Zembrowski.
260 _aWarszawa :
_bWydawnictwa ITB,
_c1984.
300 _a175 s. :
_bfot., rys., wykr. ;
_c24 cm.
336 _2rdacontent
_aTekst
_btxt
337 _2rdamedia
_aBez urządzenia pośredniczącego
_bn
338 _2rdacarrier
_aWolumin
_bnc
380 _aKsiążki
380 _aPublikacje naukowe
388 _a1901-2000
388 _a1945-1989
490 1 _aPrace Naukowe Instytutu Techniki Budowlanej. Monografie
650 7 _aPustaki
_2DBN
658 _aArchitektura i budownictwo
650 7 _aKonstrukcje budowlane
650 7 _aŚciany
_2DBN
710 2 _aInstytut Techniki Budowlanej.
_4pbl
856 _uhttp://koha.tu.koszalin.pl/cgi-bin/koha/opac-detail.pl?biblionumber=22707
_yKatalog online BPK
830 0 _aPrace Naukowe Instytutu Techniki Budowlanej.
_pMonografie
942 _2UKD
_cKS
999 _c22707
_d22707